00214nam a2200085Ia 4500008004100000082001800041245002300059630002300082730002300105090122s9999 xx 000 0 und d b9130a181.142 aThe vision of life aThe vision of life aThe vision of life